1706 1115 1570 1237 1575 1256 1699 1184 1000 1847 1328 1652 1962 1250 1559 1765 1624 1437 1155 1732 1866 1568 1849 1382 1734 1500 1319 1729 1988 1813 1996 1811 1458 1813 1922 1344 1533 1351 1665 1230 1962 1460 1882 1561 1168 1415 1951 1784 1473 1022 1141 1181 1279 1056 1265 1343 1017 1507 1993 1769 1442 1325 1410 1801 1705 1278 1189 1521 1993 1413 1866 1484 1559 1783 1059 1713 1736 1894 1147 1030 1518 1699 1769 1176 1798 1017 1344 1546 1492 1455 1881 1052 1205 1763 1640 1205 1101 1866 1123 BCNSPRNW ULIB Ver.6.0+V

เปลี่ยนเป็นภาษาไทย

Change to English
 แสดงรายละเอียดบรรณานุกรม
  กลับหน้าหลัก

Brief Record : Get Marc (ISO 2709) : E-mail record : QR code < ปิดหน้าต่าง
LEADER : 00000nam 2200000uu 4500
001    13399113932
003     ULIB
008    110320s||||||||th 000 0 tha d
099    วจ.WY16^bพ516ป
100 0  พัชรบูรณ์ ศรีวิชัย
245 00 ปัจจัยที่มีผลต่ออิทธิพลต่อการตัดสินใจเลือกทำงานในสถานบริการสุขภาพ ของนักศึกษาหลักสูตรพยาบาลศาสตร์บัณฑิตชั้นปีที่ 4 วิทยาลัยเครือข่ายภาคเหนือ/^cพัชรบูรณ์ ศรีวิชัย,วาสนา กันคำ,วัชรี ไชยจันดี,พวงผกา คำดี และ อัมพร ยานะ
260    พะเยา :^bวิทยาลัยพยาบาลบรมราชชนนี พะเยา,^c2552
300    82 หน้า :^bตาราง
500    รายงานการวิจัย
650  7 การเลือกทำงาน^xนักศึกษาพยาล^xวิจัย
700 0  วาสนา กันคำ
700 0  วัชรี ไชยจันดี
700 0  พวงผกา คำดี
700 0  อัมพร ยานะ
710 2  วิทยาลัยพยาบาลบรมราชชนนี. ^bพะเยา
945    ^p0^l0^i030963
995    ทศพร
999 ^a ใช้งานได้ทุกระบบ
รายการนี้ยังไม่มีแท็ก
คุณยังไม่ได้ล็อกอิน คุณสามารถมีกิจกรรมร่วมกับเว็บไซต์ได้ แต่ต้องล็อกอินก่อน ::
  ล็อกอิน

รายการสื่อสารสนเทศ

ลำดับที่ ประเภท เลขเรียก/บาร์โค้ด สถานที่ สถานะ
1. งานวิจัย
งานวิจัย
วจ.WY16 พ516ป ฉ.1 
  Barcode: 030963
ห้องสมุดวิทยาเขตสวรรค์ประชารักษ์
►วิจัย
บนชั้น

BibComment


ยังไม่เคยถูกคอมเมนท์

คอมเมนท์ทรัพยากรรายการนี้
  คอมเมนท์: ปัจจัยที่มีผลต่ออ..


 Copyright 2026. Bcnsprnw @Library